Wood finish from rubber seed oil alkyd resin (Record no. 47005)

MARC details
000 -LEADER
fixed length control field 00474nam a2200181Ia 4500
100 ## - MAIN ENTRY--AUTHOR NAME
Personal name Njoku O U
245 #0 - TITLE STATEMENT
Title Wood finish from rubber seed oil alkyd resin
260 ## - PUBLICATION, DISTRIBUTION, ETC. (IMPRINT)
Name of publisher Indian Journal of Natural Rubber Research
Year of publication 1996
300 ## - PHYSICAL DESCRIPTION
Number of Pages 137
650 ## - SUBJECT ADDED ENTRY--TOPICAL TERM
Topical Term Rubber seed oil
650 ## - SUBJECT ADDED ENTRY--TOPICAL TERM
Topical Term Rubber seed oil
650 ## - SUBJECT ADDED ENTRY--TOPICAL TERM
Topical Term Wood finish
650 ## - SUBJECT ADDED ENTRY--TOPICAL TERM
Topical Term Wood finish
700 ## - ADDED ENTRY--PERSONAL NAME
Personal name Moneke S M
700 ## - ADDED ENTRY--PERSONAL NAME
Personal name Ononogbu I C
942 ## - ADDED ENTRY ELEMENTS (KOHA)
Koha item type Articles
Holdings
Withdrawn status Lost status Damaged status Not for loan Home library Current library Shelving location Date acquired Serial Enumeration / chronology Koha item type
      Articles RRII Library RRII Library Rubber general 20/12/2021 Volume 9, Issue 2 Articles